[Event "Philadelphia int op 15th"]
[Site "Philadelphia"]
[Date "2022.06.25"]
[Round "2"]
[White "Paragua, Mark"]
[Black "Zheng, Victor"]
[Result "0-1"]
[WhiteElo "2475"]
[BlackElo "1790"]
[PlyCount "56"]
[EventDate "2022.06.24"]
[EventType "swiss"]
[EventRounds "9"]
[EventCountry "USA"]
[SourceTitle "CBM 209 Extra"]
[Source "ChessBase"]
[SourceDate "2022.09.30"]
[SourceVersion "1"]
[SourceVersionDate "2022.09.30"]
[SourceQuality "1"]

1. Nf3 Nf6 2. g3 g6 3. b3 Bg7 4. Bb2 d5 5. Bg2 0-0 6. c4 c5 7. 0-0 Nc6 8. Ne5 Nxe5 9. Bxe5 dxc4 10. bxc4 Ne8 11. Bxg7 Kxg7 12. Nc3 Nd6 13. d3 Rb8 14. Qa4 a5 15. Rab1 b6 16. Rb3 Bb7 17. Bxb7 Rxb7 18. Rfb1 Nc8 19. Qa3 Kg8 20. Na4 Qd6 21. Nxc5 Rc7 22. Na4 Qe6 23. Qb2 Rc6 24. Nc3 g5 25. Nd5 Rd8 26. Nxb6 Qh3 27. Nxc8 Rdxc8 28. Rb5 Qh5 0-1

[Event "British Columbia op"]
[Site "Richmond"]
[Date "2019.02.18"]
[Round "5.10"]
[White "Salcedo, Daniel"]
[Black "Zheng, Victor"]
[Result "1-0"]
[WhiteElo "2016"]
[BlackElo "1951"]
[PlyCount "66"]
[EventDate "2019.02.16"]
[EventType "tourn"]
[EventRounds "6"]
[EventCountry "CAN"]
[SourceTitle "EXT 2022"]
[Source "ChessBase"]
[SourceDate "2021.10.06"]
[SourceVersion "1"]
[SourceVersionDate "2021.10.06"]
[SourceQuality "1"]

1. d4 Nf6 2. c4 g6 3. Nc3 Bg7 4. e4 d6 5. Be2 0-0 6. Bg5 Nc6 7. f4 Nd7 8. Nf3 f6 9. Bh4 e5 10. fxe5 dxe5 11. d5 Ne7 12. 0-0 a5 13. a3 b6 14. b4 axb4 15. axb4 Rxa1 16. Qxa1 f5 17. Qa7 Bf6 18. Ng5 Bxg5 19. Bxg5 Nf6 20. Nb5 Nxe4 21. Bh6 Rf6 22. Bd3 g5 23. Bxe4 Rxh6 24. Bc2 e4 25. Qxc7 Qxc7 26. Nxc7 e3 27. c5 bxc5 28. bxc5 Ba6 29. Re1 Bb7 30. Rxe3 Nxd5 31. Bb3 f4 32. Re5 Kf8 33. Bxd5 Bc8 1-0

[Event "Victoria op"]
[Site "Victoria"]
[Date "2019.01.20"]
[Round "5.2"]
[White "Zheng, Victor"]
[Black "Gansvind, Valeriya I"]
[Result "1/2-1/2"]
[WhiteElo "1869"]
[BlackElo "2131"]
[PlyCount "122"]
[EventDate "2019.01.18"]
[EventType "swiss"]
[EventRounds "5"]
[EventCountry "CAN"]
[SourceTitle "EXT 2022"]
[Source "ChessBase"]
[SourceDate "2021.10.06"]
[SourceVersion "1"]
[SourceVersionDate "2021.10.06"]
[SourceQuality "1"]

1. Nf3 d6 2. g3 g6 3. Bg2 Bg7 4. 0-0 Nf6 5. d4 0-0 6. c4 c6 7. Nc3 Be6 8. d5 Bd7 9. e4 cxd5 10. exd5 Qc8 11. Qe2 Re8 12. Be3 Bg4 13. Rac1 Nbd7 14. h3 Bxf3 15. Bxf3 Ne5 16. Bg2 Qxc4 17. f4 Qxe2 18. Nxe2 Nd3 19. Rc7 b6 20. Nd4 Nb4 21. Nc6 Nbxd5 22. Nxe7+ Nxe7 23. Bxa8 Nf5 24. Rxa7 Rxe3 25. g4 Nd4 26. Rd1 Nb5 27. Rb7 Re8 28. Rxb6 Rxa8 29. Rxb5 Bf8 30. Ra1 h5 31. g5 Ne4 32. a4 Bg7 33. a5 Nc5 34. Rd1 Ne6 35. Rxd6 Bxb2 36. Rxb2 Rxa5 37. Rb8+ Kg7 38. Rb7 Nxf4 39. h4 Rf5 40. Rd8 Ne6 41. Re8 Nxg5 42. hxg5 Rxg5+ 43. Kh2 Rf5 44. Kg3 Rg5+ 45. Kf4 Rf5+ 46. Ke4 Rf1 47. Rbb8 Rf5 48. Rbd8 Rf1 49. Re5 f5+ 50. Ke3 Re1+ 51. Kf4 Rf1+ 52. Kg5 Rg1+ 53. Kf4 Rf1+ 54. Kg3 Kf6 55. Ree8 Ra1 56. Rd6+ Kf7 57. Rb8 Kg7 58. Rbb6 Rg1+ 59. Kf2 Rg4 60. Rd3 h4 61. Rc3 Kh6 1/2-1/2

[Event "British Columbia-ch U20"]
[Site "Vancouver"]
[Date "2018.11.12"]
[Round "5.7"]
[White "Zheng, Victor"]
[Black "Nasibi, Nima"]
[Result "1-0"]
[WhiteElo "1876"]
[BlackElo "1427"]
[PlyCount "127"]
[EventDate "2018.11.10"]
[EventType "swiss"]
[EventRounds "5"]
[EventCountry "CAN"]
[SourceTitle "EXT 2022"]
[Source "ChessBase"]
[SourceDate "2021.10.06"]
[SourceVersion "1"]
[SourceVersionDate "2021.10.06"]
[SourceQuality "1"]

1. Nf3 d5 2. g3 Nf6 3. Bg2 Nc6 4. 0-0 e6 5. d4 Be7 6. c4 dxc4 7. Qa4 Bd7 8. Qxc4 a6 9. Ne5 Nxe5 10. dxe5 Bb5 11. Qc2 Nd5 12. Rd1 0-0 13. Nc3 Nb4 14. Qb3 Qb8 15. Nxb5 axb5 16. Rd7 Bc5 17. Be3 Bxe3 18. Qxb4 Bb6 19. Qxb5 Ra5 20. Qb4 Rxe5 21. e3 Bc5 22. Qxb7 Qxb7 23. Bxb7 Bd6 24. a4 Ra5 25. Bc6 Rb8 26. b4 Rxb4 27. Rd8+ Bf8 28. Rc8 Ra6 29. Rxc7 Rc4 30. Bb5 Rxc7 31. Bxa6 Ra7 32. Bb5 Bb4 33. Rb1 Ba5 34. Bc6 g6 35. Rb8+ Kg7 36. Kf1 Bc3 37. Ke2 Kf6 38. Kd3 Be1 39. f3 Ra6 40. Bb5 Ra7 41. Rb6 Ba5 42. Rc6 Be1 43. Rc8 Kg7 44. Bc6 Ra6 45. Kc4 Ra5 46. Bb5 Bd2 47. e4 Be3 48. Rc6 Kf6 49. Kb4 Bd2+ 50. Kc5 Ke5 51. Kb6 f5 52. exf5 exf5 53. Rc2 Bb4 54. Rb2 Bc3 55. Rb3 Bd2 56. Rb2 Bc3 57. Rc2 Bb4 58. Rc7 h5 59. Rc6 g5 60. Rh6 g4 61. f4+ Ke4 62. Rxh5 Kf3 63. Rxf5 Ra8 64. Bc6+ 1-0

[Event "British Columbia-ch U20"]
[Site "Vancouver"]
[Date "2018.11.11"]
[Round "3.8"]
[White "Zheng, Victor"]
[Black "Imoo, Joshua"]
[Result "1-0"]
[WhiteElo "1876"]
[BlackElo "1510"]
[PlyCount "107"]
[EventDate "2018.11.10"]
[EventType "swiss"]
[EventRounds "5"]
[EventCountry "CAN"]
[SourceTitle "EXT 2022"]
[Source "ChessBase"]
[SourceDate "2021.10.06"]
[SourceVersion "1"]
[SourceVersionDate "2021.10.06"]
[SourceQuality "1"]

1. Nf3 d5 2. g3 Nf6 3. Bg2 e6 4. 0-0 Be7 5. c4 0-0 6. d4 c5 7. cxd5 Nxd5 8. Nc3 Nc6 9. Nxd5 exd5 10. dxc5 Bxc5 11. a3 Be6 12. b4 Bb6 13. Bb2 f6 14. e3 Qd7 15. Qd2 Rfd8 16. Rfd1 Bg4 17. a4 Bc7 18. Rac1 Rac8 19. Rc5 Ne7 20. Rdc1 b6 21. R5c2 Bb8 22. b5 Bf5 23. Rxc8 Rxc8 24. Nd4 Be4 25. Nc6 Nxc6 26. Bxe4 Ne7 27. Rxc8+ Qxc8 28. Bxd5+ Kf8 29. Ba3 Qd8 30. Qd4 Bd6 31. Be4 Bc7 32. Qxd8+ Bxd8 33. Bxh7 Kf7 34. Be4 Bc7 35. Kg2 Nc8 36. Bd5+ Kg6 37. Kf3 Nd6 38. e4 Kg5 39. h4+ Kg6 40. Bc1 Nc8 41. Bf4 Bxf4 42. Kxf4 Ne7 43. Be6 Kh6 44. Bf7 g6 45. e5 Kg7 46. Be6 a6 47. exf6+ Kxf6 48. bxa6 Nc6 49. Bd5 Na7 50. g4 g5+ 51. hxg5+ Kg6 52. Be4+ Kf7 53. Kf5 Kg7 54. Ke6 1-0

[Event "British Columbia-ch U20"]
[Site "Vancouver"]
[Date "2018.11.10"]
[Round "1.9"]
[White "Zheng, Victor"]
[Black "Luu, Tran Nguyen Khoi"]
[Result "1-0"]
[WhiteElo "1876"]
[BlackElo "1459"]
[PlyCount "71"]
[EventDate "2018.11.10"]
[EventType "swiss"]
[EventRounds "5"]
[EventCountry "CAN"]
[SourceTitle "EXT 2022"]
[Source "ChessBase"]
[SourceDate "2021.10.06"]
[SourceVersion "1"]
[SourceVersionDate "2021.10.06"]
[SourceQuality "1"]

1. Nf3 c5 2. g3 Nc6 3. Bg2 e5 4. 0-0 d5 5. d3 Nf6 6. e4 d4 7. Nh4 Bg4 8. f3 Be6 9. f4 exf4 10. Bxf4 Bd6 11. e5 Nxe5 12. Nf5 Bxf5 13. Bxe5 Bxe5 14. Rxf5 Bd6 15. Bxb7 Rb8 16. Bc6+ Nd7 17. Qe2+ Qe7 18. Qxe7+ Bxe7 19. Rd5 Kf8 20. Rxd7 Rxb2 21. Rxa7 Rb8 22. Nd2 Bg5 23. Nc4 g6 24. Ne5 Be3+ 25. Kg2 Kg7 26. Rxf7+ Kh6 27. Ng4+ Kg5 28. h4+ Kh5 29. Nf6+ Kh6 30. Bf3 g5 31. hxg5+ Bxg5 32. Ng4+ Kg6 33. Ne5+ Kh6 34. Rh1+ Bh4 35. Rxh4+ Kg5 36. Rh5# 1-0

[Event "White Rock Semiahmoo op"]
[Site "White Rock"]
[Date "2018.08.06"]
[Round "6.9"]
[White "Zheng, Victor"]
[Black "Chung, Alec"]
[Result "1/2-1/2"]
[WhiteElo "1808"]
[BlackElo "1938"]
[PlyCount "61"]
[EventDate "2018.08.04"]
[EventType "swiss"]
[EventRounds "6"]
[EventCountry "CAN"]
[SourceTitle "EXT 2022"]
[Source "ChessBase"]
[SourceDate "2021.10.06"]
[SourceVersion "1"]
[SourceVersionDate "2021.10.06"]
[SourceQuality "1"]

1. Nf3 Nf6 2. g3 g6 3. Bg2 Bg7 4. 0-0 0-0 5. d4 d5 6. c4 c6 7. Nbd2 Bf5 8. b3 Nbd7 9. Bb2 a5 10. Nh4 Re8 11. cxd5 cxd5 12. Nxf5 gxf5 13. e3 a4 14. Ba3 axb3 15. axb3 e5 16. Bh3 Ne4 17. Bxf5 Nc3 18. Qc2 Rc8 19. Bc5 exd4 20. Bxh7+ Kh8 21. b4 b6 22. Qf5 Nf6 23. Bxd4 Ne2+ 24. Kg2 Nxd4 25. exd4 Nxh7 26. Qxf7 Rf8 27. Qh5 Bxd4 28. Ra7 Rc7 29. Rxc7 Qxc7 30. Qxd5 Bc3 31. Ne4 1/2-1/2

[Event "British Columbia-ch U20"]
[Site "Richmond"]
[Date "2017.11.11"]
[Round "1.9"]
[White "Zheng, Victor"]
[Black "Singh, Gurbaz"]
[Result "1/2-1/2"]
[WhiteElo "1814"]
[BlackElo "1425"]
[PlyCount "70"]
[EventDate "2017.11.11"]
[EventType "swiss"]
[EventRounds "5"]
[EventCountry "CAN"]
[SourceTitle "EXT 2022"]
[Source "ChessBase"]
[SourceDate "2021.10.06"]
[SourceVersion "1"]
[SourceVersionDate "2021.10.06"]
[SourceQuality "1"]

1. Nf3 Nf6 2. c4 c5 3. g3 e6 4. Bg2 Be7 5. 0-0 0-0 6. Nc3 Nc6 7. d4 d5 8. e3 Qc7 9. cxd5 exd5 10. dxc5 Rd8 11. Nd4 Bxc5 12. Nce2 Bg4 13. Qa4 a6 14. a3 Qd7 15. b4 Nxd4 16. Qxd7 Nxe2+ 17. Kh1 Bxd7 18. bxc5 Bb5 19. Bb2 Nxg3+ 20. hxg3 Bxf1 21. Rxf1 Rac8 22. Bd4 Rc7 23. Rb1 Ne4 24. Bxe4 dxe4 25. Rb6 Rdd7 26. Kg2 Rc6 27. Rb1 f5 28. Kf1 Kf7 29. Ke2 Rh6 30. Be5 g5 31. Bd6 Ke6 32. a4 Kd5 33. a5 Rhxd6 34. cxd6 Kxd6 35. Rb6+ Ke7 1/2-1/2

[Event "Richmond Keres Memorial 42nd"]
[Site "Richmond"]
[Date "2017.05.21"]
[Round "3"]
[White "Pechisker, Alfred"]
[Black "Zheng, Victor"]
[Result "1-0"]
[WhiteElo "2262"]
[BlackElo "1819"]
[PlyCount "71"]
[EventDate "2017.05.20"]
[EventType "swiss"]
[EventRounds "6"]
[EventCountry "CAN"]
[SourceTitle "CBM 178 Extra"]
[Source "ChessBase"]
[SourceDate "2017.06.22"]
[SourceVersion "1"]
[SourceVersionDate "2017.06.22"]
[SourceQuality "1"]

1. d4 Nf6 2. c4 g6 3. Nc3 Bg7 4. e4 d6 5. f3 0-0 6. Bg5 Nbd7 7. Nh3 c5 8. d5 a6 9. Nf2 Qc7 10. Qd2 e6 11. dxe6 fxe6 12. Rd1 Ne8 13. Bh6 Ne5 14. h4 Rxf3 15. Bf4 Rxf4 16. Qxf4 d5 17. exd5 Nd6 18. Be2 Nf5 19. 0-0 Bh6 20. Qh2 Ne3 21. Nfe4 Nxf1 22. Rxf1 Be3+ 23. Kh1 Bd4 24. h5 Qg7 25. Nf6+ Kh8 26. d6 Nd7 27. h6 Qf7 28. Nxd7 Qxf1+ 29. Bxf1 Bxd7 30. Qh4 Rf8 31. Bd3 Bf6 32. Qe4 b5 33. cxb5 axb5 34. Bxb5 Rd8 35. Bxd7 Rxd7 36. Qxe6 1-0

[Event "Grand Pacific op 11th"]
[Site "Victoria"]
[Date "2017.04.16"]
[Round "4"]
[White "Zheng, Victor"]
[Black "Thomas, Arjun"]
[Result "1/2-1/2"]
[WhiteElo "1698"]
[BlackElo "1873"]
[PlyCount "79"]
[EventDate "2017.04.14"]
[EventType "tourn"]
[EventRounds "6"]
[EventCountry "CAN"]
[SourceTitle "CBM 178 Extra"]
[Source "ChessBase"]
[SourceDate "2017.06.22"]
[SourceVersion "1"]
[SourceVersionDate "2017.06.22"]
[SourceQuality "1"]

1. Nf3 c5 2. g3 Nf6 3. Bg2 e6 4. 0-0 Nc6 5. c4 Qc7 6. Nc3 a6 7. d4 cxd4 8. Nxd4 Be7 9. b3 0-0 10. Bb2 d6 11. e4 Bd7 12. Nc2 Rad8 13. Qe2 Rfe8 14. Rfe1 Ne5 15. Ne3 b5 16. cxb5 axb5 17. f4 Nc6 18. Nxb5 Qb6 19. Kh1 Bc8 20. e5 dxe5 21. fxe5 Nd5 22. a4 Nxe3 23. Qxe3 Bc5 24. Qe4 Bb7 25. Ba3 Na5 26. Bxc5 Qxc5 27. Qe3 Bxg2+ 28. Kxg2 Qc2+ 29. Re2 Qxb3 30. Qxb3 Nxb3 31. Ra3 Nd4 32. Nxd4 Rxd4 33. a5 Ra8 34. a6 Rd7 35. Rb2 Rda7 36. Rb7 Kf8 37. Rxa7 Rxa7 38. Kf3 Ke7 39. Ke4 Kd7 40. Kd4 1/2-1/2

[Event "British Columbia op"]
[Site "Richmond"]
[Date "2017.02.13"]
[Round "6.12"]
[White "Zheng, Victor"]
[Black "Gu, Chuyang"]
[Result "1/2-1/2"]
[WhiteElo "1849"]
[BlackElo "1731"]
[PlyCount "96"]
[EventDate "2017.02.11"]
[EventType "swiss"]
[EventRounds "6"]
[EventCountry "CAN"]
[SourceTitle "EXT 2022"]
[Source "ChessBase"]
[SourceDate "2021.10.06"]
[SourceVersion "1"]
[SourceVersionDate "2021.10.06"]
[SourceQuality "1"]

1. Nf3 Nf6 2. c4 b6 3. d4 e6 4. Nc3 Bb4 5. Bg5 h6 6. Bh4 Bb7 7. e3 d5 8. Qa4+ Nc6 9. Ne5 Bxc3+ 10. bxc3 g5 11. Bg3 Ne4 12. cxd5 Nxc3 13. Qc2 Nxe5 14. Bxe5 f6 15. Qg6+ Kd7 16. Qf7+ Kc8 17. Bxf6 Qe8 18. dxe6 Qxf7 19. exf7 Rf8 20. Bg7 Rxf7 21. Bxh6 g4 22. Rg1 Bd5 23. Be2 Nxe2 24. Kxe2 Kb7 25. Bf4 Re8 26. Kd2 Re6 27. a3 Rc6 28. Rac1 a5 29. Bg3 b5 30. h3 gxh3 31. gxh3 b4 32. axb4 axb4 33. Rxc6 Kxc6 34. Rc1+ Kb6 35. h4 c6 36. Ra1 Kb5 37. Bf4 Rh7 38. Bg5 Kc4 39. Kc2 Be4+ 40. Kb2 Bd5 41. f4 Be4 42. Ra5 Kd3 43. f5 Bd5 44. f6 Kc4 45. Rc5+ Kd3 46. Ra5 Kc4 47. Rc5+ Kd3 48. Ra5 Kc4 1/2-1/2

[Event "British Columbia-ch U20"]
[Site "Richmond"]
[Date "2016.11.13"]
[Round "4.4"]
[White "Zheng, Victor"]
[Black "Hemstapat, Andrew"]
[Result "0-1"]
[WhiteElo "1822"]
[BlackElo "2020"]
[PlyCount "104"]
[EventDate "2016.11.11"]
[EventType "swiss"]
[EventRounds "5"]
[EventCountry "CAN"]
[SourceTitle "EXT 2022"]
[Source "ChessBase"]
[SourceDate "2021.10.06"]
[SourceVersion "1"]
[SourceVersionDate "2021.10.06"]
[SourceQuality "1"]

1. Nf3 f5 2. c4 Nf6 3. Nc3 d6 4. d4 e6 5. e3 g6 6. Bd3 Nc6 7. Qc2 e5 8. dxe5 dxe5 9. e4 f4 10. a3 Be6 11. b3 Bg4 12. Ne2 a5 13. Bb2 Bxf3 14. gxf3 Bc5 15. Rf1 Qd6 16. 0-0-0 Bxa3 17. c5 Qxc5 18. Qxc5 Bxc5 19. Nxf4 Ke7 20. Ne2 Rhf8 21. Bb5 Nd7 22. Rd3 Bd6 23. Rfd1 Nb4 24. R3d2 Nc5 25. Bc4 Rxf3 26. Nc3 Raf8 27. Nb5 Nxe4 28. Re2 Nxf2 29. Bxe5 Bxe5 30. Rxe5+ Kf6 31. Re6+ Kg5 32. Rg1+ Kh6 33. Kb2 Nfd3+ 34. Bxd3 Nxd3+ 35. Kc2 Nb4+ 36. Kd2 Rxb3 37. Nxc7 Rf2+ 38. Re2 Rb2+ 39. Kc3 Rfxe2 40. Nb5 Nd5+ 41. Kc4 Nb6+ 42. Kc5 Na4+ 43. Kc4 Rb4+ 44. Kd3 Rxh2 45. Nd6 Rh3+ 46. Kc2 Rb2+ 47. Kc1 Ra3 48. Rh1+ Kg7 49. Ne8+ Kh8 50. Rxh7+ Kxh7 51. Nf6+ Kh8 52. Ne4 Ra1# 0-1

[Event "British Columbia-ch U20"]
[Site "Richmond"]
[Date "2016.11.11"]
[Round "1.2"]
[White "Zheng, Victor"]
[Black "Doknjas, Joshua"]
[Result "1/2-1/2"]
[WhiteElo "1822"]
[BlackElo "2236"]
[PlyCount "54"]
[EventDate "2016.11.11"]
[EventType "swiss"]
[EventRounds "5"]
[EventCountry "CAN"]
[SourceTitle "EXT 2022"]
[Source "ChessBase"]
[SourceDate "2021.10.06"]
[SourceVersion "1"]
[SourceVersionDate "2021.10.06"]
[SourceQuality "1"]

1. Nf3 c5 2. g3 g6 3. Bg2 Bg7 4. 0-0 Nc6 5. c4 e5 6. Nc3 d6 7. d3 Nge7 8. a3 0-0 9. Rb1 a5 10. e3 Rb8 11. Qc2 f5 12. Rd1 f4 13. exf4 Bg4 14. Ne2 Qd7 15. Re1 Bh6 16. Ng5 Bxg5 17. fxg5 Bf3 18. Be3 Bxg2 19. Kxg2 Qg4 20. Ng1 Nf5 21. Qe2 Nxe3+ 22. Qxe3 Nd4 23. Qe4 Qxg5 24. Qd5+ Rf7 25. Qxd6 Rbf8 26. Qd5 Qd2 27. Nh3 Qxd3 1/2-1/2

[Event "Victoria Grand Pacific op 8th"]
[Site "Victoria"]
[Date "2014.04.21"]
[Round "6"]
[White "Qu, Leo"]
[Black "Zheng, Victor"]
[Result "1-0"]
[WhiteElo "1460"]
[BlackElo "1482"]
[PlyCount "57"]
[EventDate "2014.04.18"]
[EventType "swiss"]
[EventRounds "6"]
[EventCountry "CAN"]
[SourceTitle "CBM 160 Extra"]
[Source "ChessBase"]
[SourceDate "2014.07.01"]
[SourceVersion "1"]
[SourceVersionDate "2014.07.01"]
[SourceQuality "1"]

1. d4 d5 2. c4 e6 3. Nc3 Nf6 4. Nf3 Be7 5. Bf4 0-0 6. e3 Nbd7 7. Bd3 dxc4 8. Bxc4 b6 9. 0-0 Nh5 10. Bg3 Nxg3 11. hxg3 Bb7 12. e4 c5 13. d5 exd5 14. Nxd5 Bd6 15. Qb3 Ne5 16. Nxe5 Bxe5 17. Rad1 Bd4 18. Rfe1 Qg5 19. Nc7 Rad8 20. Nb5 Qf6 21. Nxd4 Rxd4 22. e5 Qc6 23. f3 Qd7 24. e6 Rxd1 25. Rxd1 Qc7 26. Rd7 Qc8 27. Rxf7 Rxf7 28. e7 Qe8 29. Bxf7+ 1-0

[Event "CAN-ch U08"]
[Site "Vancouver"]
[Date "2012.07.05"]
[Round "6"]
[White "Vettese, Nicholas"]
[Black "Zheng, Victor"]
[Result "1-0"]
[WhiteElo "821"]
[BlackElo "846"]
[PlyCount "63"]
[EventDate "2012.07.03"]
[EventType "swiss"]
[EventRounds "7"]
[EventCountry "CAN"]
[SourceTitle "EXT 2022"]
[Source "ChessBase"]
[SourceDate "2021.10.06"]
[SourceVersion "1"]
[SourceVersionDate "2021.10.06"]
[SourceQuality "1"]

1. e4 e5 2. Nf3 Nc6 3. Nc3 Bc5 4. Bc4 Nf6 5. 0-0 Nxe4 6. Nxe4 d5 7. Bd3 dxe4 8. Bxe4 Bg4 9. h3 Bh5 10. Re1 Qd7 11. g4 Bg6 12. Bxg6 hxg6 13. Nxe5 Nxe5 14. Rxe5+ Be7 15. Qf3 c6 16. d3 f6 17. Re3 0-0-0 18. Qe2 Bc5 19. Rf3 Rde8 20. Be3 Bd4 21. c3 Bxe3 22. Rxe3 Rxh3 23. Rxe8+ Kc7 24. Re7 Qxe7 25. Qxe7+ Kb6 26. Re1 Rxd3 27. Qb4+ Kc7 28. Re7+ Kd8 29. Qxb7 Rd1+ 30. Kg2 Rg1+ 31. Kxg1 c5 32. Qc7# 1-0

[Event "CAN-ch U08"]
[Site "Vancouver"]
[Date "2012.07.03"]
[Round "1"]
[White "Zheng, Victor"]
[Black "Mann, Kabir"]
[Result "1-0"]
[WhiteElo "846"]
[BlackElo "353"]
[PlyCount "63"]
[EventDate "2012.07.03"]
[EventType "swiss"]
[EventRounds "7"]
[EventCountry "CAN"]
[SourceTitle "EXT 2022"]
[Source "ChessBase"]
[SourceDate "2021.10.06"]
[SourceVersion "1"]
[SourceVersionDate "2021.10.06"]
[SourceQuality "1"]

1. e4 d6 2. d4 e6 3. Nf3 Nc6 4. Nc3 Nf6 5. Bg5 d5 6. e5 Bb4 7. exf6 gxf6 8. Bd2 Bxc3 9. Bxc3 0-0 10. Bd3 f5 11. Qd2 h5 12. 0-0-0 Ne7 13. Qg5+ Ng6 14. Qxh5 Qd6 15. Ng5 Kg7 16. Qh7+ Kf6 17. Qh6 Qd7 18. Nf3 Qa4 19. a3 Rd8 20. Ne5 Rd6 21. Nxg6 Rb6 22. Nf4+ Ke7 23. Bb4+ Kd8 24. Qf6+ Kd7 25. Qxf7+ Kc6 26. Qe8+ Bd7 27. Qxa8 e5 28. dxe5 d4 29. Qf8 Be6 30. Qe8+ Bd7 31. Qg6+ Be6 32. Qxe6# 1-0